000 00595nam a22001935i 4500
001 48361
003 ES-MaACL
005 20250917063032.0
007 t|
008 950713q18801900fr a ||||1| fre d
040 _aCAM
_bspa
_cCAM
100 1 _aDaudet, Alphonse,
_d1840-1897
_942799
245 1 3 _aLa Fédor
_b: pages de la vie; illustrations de Fabrés /
_cAlphonse Daudet.
260 _aParis :
_bErnest Flammarion,
_c[s.a.]
300 _a258 p., [33] h. de lam. :
_bil. ;
_c18 cm.
500 _aEl NUC lo data en 1897.
852 _aES-MaACL
_jG-14459
999 _c48361
_d48361